Al-Ameen Law Report: (Record no. 256)
[ view plain ]
| 000 -LEADER | |
|---|---|
| fixed length control field | 006420000a22001810004500 |
| 005 - DATE AND TIME OF LATEST TRANSACTION | |
| control field | 20240212094824.0 |
| 008 - FIXED-LENGTH DATA ELEMENTS--GENERAL INFORMATION | |
| fixed length control field | 230817t2004 ||||| |||| 00| 0 eng d |
| 020 ## - ISBN | |
| ISBN | 9558430056 |
| 082 ## - DEWEY DECIMAL CLASSIFICATION NUMBER | |
| Classification number | 340.59 |
| Item number | AME |
| 942 ## - ADDED ENTRY ELEMENTS (KOHA) | |
| Item Type | Reports |
| 700 ## - ADDED ENTRY--PERSONAL NAME | |
| Personal name | Ameen, A.H.G |
| Relator Term | editor |
| 245 ## - TITLE STATEMENT | |
| Title | Al-Ameen Law Report: |
| Sub Title | containing cases decided under Muslim Law by the Wakfs Tribunal and M.C., DC, CA and Supreme Court of the Democratic Socialist Republic of Sri Lanka |
| 260 ## - PUBLICATION, DISTRIBUTION, ETC. (IMPRINT) | |
| Place of Publication | Colombo: |
| Name of Publisher | Al-Ameen, |
| Date of Copyright | 2004 |
| 300 ## - PHYSICAL DESCRIPTION | |
| Extent | viii., 187 p.; 22 cm |
| 490 ## - SERIES STATEMENT | |
| Series statement | Vol. II |
| 650 ## - SUBJECT ADDED ENTRY--TOPICAL TERM | |
| Topical Term | Islamic law -- Sri Lanka -- Cases |
| 650 ## - SUBJECT ADDED ENTRY--TOPICAL TERM | |
| Topical Term | Islamic law- Sri Lanka- Trials, litigation |
| Withdrawn status | Lost status | Source of classification or shelving scheme | Damaged status | Not for loan | Permanent location | Current location | Date acquired | Total Checkouts | Full call number | Barcode | Date last seen | Price effective from | Koha item type |
|---|---|---|---|---|---|---|---|---|---|---|---|---|---|
| Dewey Decimal Classification | Resource center, Muslim Women's Research And Action Forum | Resource center, Muslim Women's Research And Action Forum | 2023-08-17 | 340.59 AME | RAF4124 | 2023-08-17 | 2023-08-17 | Reports |

